একাত্তরের রণাঙ্গন গেরিলাযুদ্ধ ও হেমায়েতবাহিনী / (Record no. 11263)
[ view plain ]
| 000 -LEADER | |
|---|---|
| fixed length control field | 00939nam a2200217 a 4500 |
| 003 - CONTROL NUMBER IDENTIFIER | |
| JCCL marc code | BD-JhCC |
| 005 - DATE AND TIME OF LATEST TRANSACTION | |
| control field | 20241218123000.0 |
| 008 - FIXED-LENGTH DATA ELEMENTS--GENERAL INFORMATION | |
| fixed length control field | 190620b2004 bg |||| ||a| 001 0 ben d |
| 020 ## - INTERNATIONAL STANDARD BOOK NUMBER | |
| International Standard Book Number | 9841105592 |
| 035 ## - SYSTEM CONTROL NUMBER | |
| system control number | (BD-JhCC) |
| 040 ## - CATALOGING SOURCE | |
| Original cataloging agency | BD-JhCC |
| Modifying agency | BD-JhCC |
| 041 ## - LANGUAGE CODE | |
| Language code of Book | ben |
| 082 ## - DEWEY DECIMAL CLASSIFICATION NUMBER | |
| Author mark and Year | ULL 2004 |
| Classification number | 954.9205 |
| 100 ## - MAIN ENTRY--PERSONAL NAME | |
| Personal name | উল্লাহ, কর্ণেল (অব.) মোহাম্মদ সফিক , বীর প্রতীক |
| 245 ## - TITLE STATEMENT | |
| Title | একাত্তরের রণাঙ্গন গেরিলাযুদ্ধ ও হেমায়েতবাহিনী / |
| Statement of responsibility, etc | কর্ণেল (অব.) মোহাম্মদ সফিকউল্লাহ, বীর প্রতীক |
| 260 ## - PUBLICATION, DISTRIBUTION, ETC. (IMPRINT) | |
| Place of publication, distribution, etc | ঢাকা: |
| Name of publisher, distributor, etc | আহমদ পাবলিশিং হাউস; |
| Date of publication, distribution, etc | 2004. |
| 300 ## - PHYSICAL DESCRIPTION | |
| Pagination | 504 পৃ . : |
| Dimensions | ২২ সেমি. |
| 650 ## - SUBJECT ADDED ENTRY--TOPICAL TERM | |
| Topical term or geographic name as entry element | Libreration war |
| Chronological subdivision | 1971 |
| Geographic subdivision | Bangladesh |
| 942 ## - ADDED ENTRY ELEMENTS (KOHA) | |
| Source of classification or shelving scheme | Dewey Decimal Classification |
| Koha item type | Books |
| Source of classification or shelving scheme | Damaged status | Not for loan | Home library | Current library | Shelving location | Date of accession | Cost, normal purchase price | Total Checkouts | Full call number | Barcode | Date last seen | Copy number | Koha item type |
|---|---|---|---|---|---|---|---|---|---|---|---|---|---|
| Dewey Decimal Classification | JCC Rouf Library | JCC Rouf Library | General Stacks | 06/20/2019 | 425.00 | 954.9205 DHA 2016 | 15386 | 08/20/2019 | C-1 | Books |